Statistics for Galaxies in the Local Group

Click here to take the quiz!

General Stats

  • This quiz has been taken 16 times
  • The average score is 10 of 125

Answer Stats

Answer% Correct
Milky Way
100%
Andromeda
92%
Triangulum
54%
Large Magellanic Cloud
31%
M32
31%
Draco Dwarf
23%
Small Magellanic Cloud
23%
M110
15%
NGC 3109
15%
Sculptor Dwarf
15%
Andromeda I
8%
Andromeda II
8%
Andromeda III
8%
Andromeda IX
8%
Andromeda V
8%
Andromeda VIII
8%
Andromeda X
8%
Andromeda XI
8%
Andromeda XII
8%
Andromeda XIII
8%
Andromeda XIV
8%
Andromeda XIX
8%
Andromeda XV
8%
Andromeda XVI
8%
Andromeda XVII
8%
Andromeda XVIII
8%
Andromeda XX
8%
Andromeda XXI
8%
Andromeda XXII
8%
Andromeda XXIII
8%
Andromeda XXIV
8%
Andromeda XXIX
8%
Andromeda XXV
8%
Andromeda XXVI
8%
Andromeda XXVII
8%
Andromeda XXVIII
8%
Andromeda XXX
8%
Andromeda XXXI
8%
Andromeda XXXII
8%
Andromeda XXXIII
8%
Andromeda XXXIV
8%
Andromeda XXXVI
8%
Antlia Dwarf
8%
Aquarius Dwarf
8%
Boötes I
8%
Boötes II
8%
Boötes III
8%
Boötes IV
8%
Canes Venatici I Dwarf
8%
Canes Venatici II Dwarf
8%
Canis Major Dwarf
8%
Carina Dwarf
8%
Carina II
8%
Carina III
8%
Cassiopeia Dwarf
8%
Cetus Dwarf
8%
Crater II
8%
Draco II
8%
Eridanus II
8%
Eridanus III
8%
Fornax Dwarf
8%
Hydra II
8%
IC 10
8%
IC 1613
8%
Indus I
8%
Leo A
8%
Leo I
8%
Leo II
8%
Leo IV
8%
Leo P
8%
Leo T
8%
Leo V
8%
NGC 147
8%
NGC 185
8%
NGC 6822
8%
Pegasus Dwarf
8%
Pegasus III
8%
Pheonix Dwarf
8%
Pictor II
8%
Pisces Dwarf
8%
SagDIG
8%
Sagittarius II
8%
Sextans A
8%
Sextans B
8%
Sextans Dwarf
8%
Triangulum II
8%
Tucana Dwarf
8%
Tucana II
8%
Tucana III
8%
Tucana IV
8%
Tucana V
8%
UGC 4879
8%
Ursa Minor Dwarf
8%
Wolf–Lundmark–Melotte
8%
Antlia B
0%
Antlia II
0%
Aquarius II
0%
Centaurus I
0%
Cetus II
0%
Cetus III
0%
Colomba I
0%
Coma Berenices
0%
Grus I
0%
Grus II
0%
Hercules
0%
Horologium I
0%
Horologium II
0%
Hydra 1
0%
Hydrus I
0%
Pegasus Dwarf Spheroidal Galaxy
0%
Perseus I Dwarf Galaxy
0%
Phoenix II
0%
Pictoris
0%
Pisces II
0%
Pisces VII
0%
Reticulum II
0%
Reticulum III
0%
Sagittarius Dwarf Spheroidal Galaxy
0%
Segue 1
0%
Segue 2
0%
Tucana B
0%
Ursa Major I Dwarf and Ursa Major II Dwarf
0%
Virgo I
0%
Virgo Stellar Stream
0%
Willman 1
0%

Score Distribution

Percentile by Number Answered

Percent of People with Each Score

Your Score History

You have not taken this quiz